Biology 12/ (Record no. 171133)

MARC details
000 -LEADER
fixed length control field 00538nam a22001817a 4500
005 - DATE AND TIME OF LATEST TRANSACTION
control field 20200107114854.0
010 ## - LCCN (DPL NO)
LC control number ENG-127321
020 ## - INTERNATIONAL STANDARD BOOK NUMBER
International Standard Book Number 9789386519061
Terms of availability 150.00
035 ## - SYSTEM CONTROL NUMBER
System control number EN-110853
037 ## - SOURCE OF ACQUISITION
Source of stock number/acquisition DBAD/PUB
082 ## - DEWEY DECIMAL CLASSIFICATION NUMBER
Classification number 580
100 ## - MAIN ENTRY--PERSONAL NAME
Personal name Arumugam,N
245 ## - TITLE STATEMENT
Title Biology 12/
Statement of responsibility, etc by Arumugam,N...[et.,all]
260 ## - PUBLICATION, DISTRIBUTION, ETC. (IMPRINT)
Place of publication, distribution, etc Kanyakumari
Name of publisher, distributor, etc Saras publication
Date of publication, distribution, etc 2018
270 ## - ADDRESS
Address 114/35G,A.R.P.Camp Road,Periavilai,Kottar P.O,Nagercoil
City Kanyakumari
Postal code 629002
300 ## - PHYSICAL DESCRIPTION
Extent 708p.
Dimensions 23cm(pbk)
942 ## - ADDED ENTRY ELEMENTS (KOHA)
Source of classification or shelving scheme Dewey Decimal Classification
Item type English Books
Call number suffix ARU
Classification part 580
Holdings
Withdrawn status Lost status Not for loan Collection code Home library Current library Date acquired Source of acquisition Cost, normal purchase price Full call number Barcode Copy number Cost, replacement price Koha item type
      Non-fiction Central Library Central Library 07/01/2020 DBAD/PUB 150.00 580 ARU EN-110853 1 150.00 English Books

© Delhi Public Library
Hit Counter
free hit counter